[Event "U.S. Amateur North"]
[Site "Detroit, MI"]
[Date "2002.05.25"]
[Round "2.5"]
[White "Hill, Brad"]
[Black "Schey, Danny"]
[Result "1-0"]
[WhiteElo "1733"]
[BlackElo "1633"]
[PlyCount "127"]
[EventDate "2002.05.25"]

1. d4 d6 2. g3 Nf6 3. Bg5 Ne4 4. Bf4 c5 5. Bg2 Qa5+ 6. c3 Nf6 7. Nf3 g6 8. Nbd2
cxd4 9. Nxd4 Bg7 10. O-O O-O 11. N4b3 Qc7 12. Qc1 Nbd7 13. Nf3 Ng4 14. h3 Nge5
15. Bh6 Nxf3+ 16. Bxf3 Ne5 17. Bg2 Bf5 18. Bxg7 Kxg7 19. Nd4 Bd7 20. b3 Rac8
21. c4 Qb6 22. Qc3 Kg8 23. Kh2 e6 24. Qd2 Rfd8 25. e4 a6 26. Rad1 Qc7 27. Rfe1
Be8 28. Re3 b5 29. cxb5 Bxb5 30. f4 Nc6 31. Nxb5 axb5 32. Rd3 e5 33. Rxd6 Nd4
34. fxe5 Ne6 35. h4 Qc5 36. Rd5 Qa3 37. Bh3 f5 38. exf6 Re8 39. Bxe6+ Rxe6 40.
Rd8+ Rxd8 41. Qxd8+ Qf8 42. f7+ Kg7 43. Qd4+ Kh6 44. Rf1 Re7 45. Qf6 Rxe4 46.
Rf2 Re1 47. h5 Re4 48. hxg6 hxg6 49. Rc2 Kh7 50. Rc6 Qh6+ 51. Kg2 Qd2+ 52. Qf2
Re2 53. f8=Q Qd5+ 54. Q8f3 Rxf2+ 55. Kxf2 Qd4+ 56. Kf1 Qa1+ 57. Kg2 Qxa2+ 58.
Kh3 Qa7 59. Qg4 Qf7 60. Rc1 Qg7 61. Rd1 Qh6+ 62. Kg2 Kg7 63. Rd7+ Kf6 64. Qd4+
1-0

[Event "U.S. Amateur North"]
[Site "Detroit, MI"]
[Date "2002.05.25"]
[Round "3.3"]
[White "Hill, Brad"]
[Black "Rodgers, Bradley"]
[Result "0-1"]
[WhiteElo "1733"]
[BlackElo "2009"]
[PlyCount "93"]
[EventDate "2002.05.25"]

1. d4 Nf6 2. Bg5 c5 3. Bxf6 gxf6 4. d5 d6 5. c4 Bg7 6. Nc3 f5 7. e3 Nd7 8. Bd3
Ne5 9. f4 Nxd3+ 10. Qxd3 a6 11. Nf3 Rb8 12. O-O Rg8 13. e4 fxe4 14. Qxe4 h6 15.
Nh4 Qd7 16. f5 Bf6 17. Rae1 b5 18. Qf4 bxc4 19. Ne4 Bd4+ 20. Kh1 Kd8 21. f6 Be5
22. fxe7+ Qxe7 23. Nf5 Bxf5 24. Qxf5 Rxb2 25. g3 Qh4 26. Rf2 Rxf2 27. Qxf2 Qe7
28. Qd2 f5 29. Qa5+ Qc7 30. Qxa6 fxe4 31. Rb1 c3 32. Qa8+ Qc8 33. Rb8 Kd7 34.
Qa7+ Qc7 35. Rb7 Rc8 36. Qa4+ Kd8 37. Rxc7 Rxc7 38. Qxe4 Rb7 39. a4 Rb2 40. Qf5
c2 41. Qf8+ Kc7 42. Qe7+ Kc8 43. Qe8+ Kb7 44. Qc6+ Ka7 45. Qd7+ Rb7 46. Qd8
c1=Q+ 47. Kg2 0-1

[Event "U.S. Amateur North"]
[Site "Detroit, MI"]
[Date "2002.05.25"]
[Round "3.2"]
[White "Herreshoff, Matt"]
[Black "Jarosz, Stan"]
[Result "1/2-1/2"]
[WhiteElo "1739"]
[BlackElo "2051"]
[PlyCount "68"]
[EventDate "2002.05.25"]

1. c4 e6 2. g3 d5 3. Bg2 Nf6 4. Nf3 Be7 5. O-O O-O 6. b3 b6 7. Ba3 Bxa3 8. Nxa3
Bb7 9. Rc1 Qe7 10. Nb5 dxc4 11. Rxc4 c5 12. Qc2 Nc6 13. Rh4 h6 14. Rd1 Rfd8 15.
a3 Rac8 16. Qb2 Ba6 17. Nc3 Nd4 18. d3 Bb7 19. Ne5 Bxg2 20. Kxg2 Nc6 21. Nxc6
Rxc6 22. Ne4 Nxe4 23. Rxe4 Rcd6 24. Rc4 Rd5 25. Rdc1 a5 26. a4 e5 27. f3 Rd4
28. Qd2 f5 29. Qe3 Qf6 30. R1c2 e4 31. fxe4 fxe4 32. Rxd4 Rxd4 33. dxe4 Qe5 34.
Rc4 Rd1 1/2-1/2

[Event "U.S. Amateur North U1600"]
[Site "Detroit, MI"]
[Date "2002.05.25"]
[Round "3.13"]
[White "Grzegorczyk, Ron"]
[Black "Saylor, Oliver"]
[Result "1-0"]
[WhiteElo "1500"]
[BlackElo "1377"]
[PlyCount "161"]
[EventDate "2002.05.25"]

1. e4 e5 2. Nf3 Nc6 3. Bb5 a6 4. Ba4 d6 5. c3 Nf6 6. Bc2 Be7 7. d4 exd4 8. cxd4
O-O 9. Be3 Nb4 10. O-O Nxc2 11. Qxc2 Bd7 12. Nc3 Re8 13. h3 Qc8 14. Nh2 Bc6 15.
d5 Bd7 16. f4 Bd8 17. Bd4 c6 18. Qf2 Nxe4 19. Nxe4 Rxe4 20. dxc6 bxc6 21. Rae1
Rxe1 22. Rxe1 c5 23. Bc3 d5 24. f5 Bb6 25. f6 g6 26. Kh1 Qd8 27. Be5 Bc7 28.
Nf3 d4 29. Qh4 Bc6 30. Qh6 Qf8 31. Qxf8+ Rxf8 32. Bxc7 Bxf3 33. gxf3 Rc8 34.
Bb6 d3 35. Ba5 c4 36. Kg2 h6 37. Kf2 g5 38. Rc1 Rc5 39. Bd2 Re5 40. Be3 Rb5 41.
Bd4 Rb4 42. Ke3 Kh7 43. Kd2 Kg6 44. Kc3 Ra4 45. a3 Kf5 46. Re1 Kf4 47. Re7 Ra5
48. Rxf7 Rd5 49. Re7 d2 50. Be3+ Kf5 51. Bxd2 Kxf6 52. Re3 Kf5 53. Kc2 Rc5 54.
Re8 Rc6 55. Rf8+ Kg6 56. f4 Rc5 57. fxg5 hxg5 58. Rd8 Kh5 59. Rd4 Rf5 60. Rxc4
Rf3 61. Rc3 Rxc3+ 62. Kxc3 Kh4 63. Kb4 g4 64. hxg4 Kxg4 65. Ka5 Kf5 66. Kxa6
Ke6 67. Kb6 Kd7 68. Kb7 Kd6 69. a4 Kc5 70. a5 Kb5 71. a6 Ka4 72. a7 Kb3 73. Bc3
Ka4 74. a8=Q+ Kb3 75. Qa3+ Kc2 76. Qa4+ Kc1 77. Kc6 Kb1 78. Kc5 Kc1 79. Kc4 Kb1
80. Kd3 Kc1 81. Qc2# 1-0

[Event "U.S. Amateur North U1600"]
[Site "Detroit, MI"]
[Date "2002.05.25"]
[Round "1.14"]
[White "Grzegorczyk, Ron"]
[Black "Drew, Shal'Toirea"]
[Result "1-0"]
[WhiteElo "1500"]
[BlackElo "832"]
[Annotator "Don Vandivier"]
[PlyCount "57"]
[EventDate "2002.05.25"]

1. e4 e5 2. Nf3 Nc6 3. Bb5 Nf6 4. O-O Nxe4 5. Re1 d5 $2 (5... Nd6 6. Nxe5 Nxe5
7. Rxe5+ Be7 {leads to an equal position.}) 6. d3 Nc5 $6 (6... Nd6 7. Nxe5 Be6
8. Nxc6 Qd7 $1 {offered more resistance.}) 7. Nxe5 Be7 8. Nxc6 $6 ({Much
stronger is} 8. Bxc6+ bxc6 9. Nxc6 Qd6 10. Nxe7) 8... bxc6 9. Bxc6+ Bd7 10.
Bxa8 Qxa8 11. Bf4 Qd8 12. Nd2 O-O 13. Nf3 ({After} 13. Bxc7 $2 Qxc7 14. Rxe7
Ne6 {White will have to give up the exchange.}) 13... Bf6 14. Be5 Ne6 15. d4
Qe7 16. c3 c6 17. h3 g6 18. Bxf6 Qxf6 19. Ne5 Bc8 20. Re3 Qg5 21. Qg4 Qxg4 22.
hxg4 Ng5 23. Nxc6 Bxg4 24. Nxa7 Ne4 25. f3 Ra8 26. Nc6 Bd7 27. Ne7+ Kf8 28.
Nxd5 Nd2 29. Nb6 {and White won easily.} 1-0

[Event "U.S. Amateur North U1600"]
[Site "Detroit, MI"]
[Date "2002.05.25"]
[Round "3.12"]
[White "Durbin, Ricky"]
[Black "Wood, Jack"]
[Result "1-0"]
[WhiteElo "1518"]
[BlackElo "1425"]
[PlyCount "93"]
[EventDate "2002.05.25"]

1. d4 Nf6 2. c4 c5 3. d5 e6 4. Bg5 exd5 5. cxd5 d6 6. Nc3 g6 7. Ne4 Nbd7 8. Qa4
Be7 9. Bxf6 Bxf6 10. Nxd6+ Ke7 11. Nc4 a6 12. Qc2 b5 13. Nd2 Ne5 14. Qe4 Bf5
15. Qe3 Kd7 16. Qxc5 Re8 17. e4 Rc8 18. Qa7+ Qc7 19. Qxc7+ Rxc7 20. Be2 Bg4 21.
f3 Bh5 22. g4 Bh4+ 23. Kf1 Rc2 24. Rd1 Bxg4 25. fxg4 Rxb2 26. Ngf3 Nxg4 27. Rc1
Ne3+ 28. Kg1 Bf6 29. Kf2 Ng4+ 30. Kg3 Ne5 31. Rhd1 Nxf3 32. Kxf3 Rxa2 33. Rc6
Bg5 34. Nb3 Ra3 35. Rd3 Be7 36. Nc5+ Bxc5 37. Rxc5 Ra4 38. Re3 Re5 39. Rxb5 Ra2
40. Rb7+ Ke8 41. Rc3 Kd8 42. Rxf7 Rh5 43. Bf1 Rhxh2 44. Kg3 Rh1 45. Bh3 Rg1+
46. Kh4 Ke8 47. Rxh7 1-0

[Event "U.S. Amateur North U1600"]
[Site "Detroit, MI"]
[Date "2002.05.25"]
[Round "1.12"]
[White "Durbin, Rickey"]
[Black "Brooks, Brandon"]
[Result "1-0"]
[WhiteElo "1518"]
[BlackElo "890"]
[PlyCount "51"]
[EventDate "2002.05.25"]

1. d4 d5 2. Nf3 e6 3. c4 Nf6 4. Bg5 Be7 5. Nc3 Bb4 6. Rc1 h6 7. Bxf6 Qxf6 8. e3
c5 9. dxc5 dxc4 10. Qa4+ Nc6 11. Nd4 Bxc3+ 12. Rxc3 Bd7 13. Nxc6 Bxc6 14. Qxc4
b5 15. cxb6 Bd7 16. b7 Rb8 17. Qb4 Qd8 18. Ba6 f6 19. O-O Kf7 20. Rd1 Qe8 21.
Rc7 Rd8 22. Bb5 Kg6 23. Rcxd7 Rxd7 24. Rxd7 Qb8 25. Qg4+ Kh7 26. Qxg7# 1-0

[Event "U.S. Amateur North U1600"]
[Site "Detroit, MI"]
[Date "2002.05.25"]
[Round "5"]
[White "Dolin, Jack"]
[Black "Rayon, Shawn"]
[Result "1/2-1/2"]
[WhiteElo "1414"]
[BlackElo "1473"]
[PlyCount "57"]
[EventDate "2002.05.25"]

1. d4 d5 2. Nf3 Nf6 3. c4 dxc4 4. a4 Bf5 5. Nc3 e6 6. Bg5 Nbd7 7. e3 h6 8. Bf4
Bb4 9. Bxc4 O-O 10. O-O Nb6 11. Qb3 a5 12. Ne5 Nxc4 13. Qxc4 Ne4 14. Nxe4 Bxe4
15. Rfc1 Rc8 16. Nd3 Qf6 17. Nxb4 axb4 18. Bxc7 Qe7 19. Qc5 Qf6 20. Qe5 Qg6 21.
Qg3 Qf5 22. Be5 f6 23. Bd6 Rfe8 24. Bxb4 e5 25. Rc3 exd4 26. exd4 Bc6 27. Qd3
Qxd3 28. Rxd3 Bxa4 29. Re3 {Game does not make sense after this point.} 1/2-1/2

[Event "U.S. Amateur North U1600"]
[Site "Detroit, MI"]
[Date "2002.05.25"]
[Round "2.15"]
[White "Culverson, Javin"]
[Black "Rayon, Shawn"]
[Result "0-1"]
[WhiteElo "1143"]
[BlackElo "1473"]
[PlyCount "46"]
[EventDate "2002.05.25"]

1. e4 e5 2. Nf3 Nc6 3. Bc4 Bc5 4. c3 Nf6 5. d4 exd4 6. e5 d5 7. Bb5 Ne4 8. cxd4
Bb6 9. Nc3 O-O 10. Bxc6 bxc6 11. Nxe4 dxe4 12. Ng5 Qxd4 13. O-O Qxe5 14. Qh5 h6
15. h4 hxg5 16. hxg5 Ba6 17. Rd1 Qg3 18. Rd7 Bxf2+ 19. Kh1 Bf1 20. Qh2 Qxh2+
21. Kxh2 Kh7 22. Bf4 Rh8 23. Kh3 Kg6+ 0-1

[Event "U.S. Amateur North"]
[Site "Detroit, MI"]
[Date "2002.05.25"]
[Round "2.4"]
[White "Cox, Nick"]
[Black "Jarosz, Stan"]
[Result "0-1"]
[WhiteElo "1465"]
[BlackElo "2051"]
[PlyCount "70"]
[EventDate "2002.05.25"]

1. e4 c5 2. Nf3 e6 3. d4 cxd4 4. Nxd4 Nf6 5. Nc3 d6 6. Bd3 Nc6 7. Nf3 a6 8. Be3
Qc7 9. Qd2 Be7 10. O-O-O O-O 11. h4 b5 12. a3 Bb7 13. Rdg1 Ng4 14. h5 Nxe3 15.
Qxe3 b4 16. axb4 Nxb4 17. Be2 Rfc8 18. h6 Na2+ 19. Kd2 Nxc3 20. bxc3 g6 21. Nd4
Bf6 22. f4 Bxe4 23. Rh3 d5 24. g4 e5 25. fxe5 Bxe5 26. Kd1 Re8 27. Qf2 Rab8 28.
Bxa6 Rb1+ 29. Ke2 Rxg1 30. Qxg1 Qb6 31. Bd3 Qb2 32. Kd2 Bf4+ 33. Ke2 Qxc3 34.
Qf2 Bxd3+ 35. Kd1 Qa1# 0-1

[Event "U.S. Amateur North U1600"]
[Site "Detroit, MI"]
[Date "2002.05.25"]
[Round "1.15"]
[White "Cox, Daniel"]
[Black "Holden, Anthony"]
[Result "0-1"]
[WhiteElo "825"]
[BlackElo "1477"]
[PlyCount "72"]
[EventDate "2002.05.25"]

1. e4 c5 2. Nf3 e5 3. Nxe5 Qe7 4. Nf3 d5 5. Bb5+ Nc6 6. O-O dxe4 7. Ne1 Qd6 8.
d3 f5 9. f4 Be6 10. Bd2 O-O-O 11. Qe2 Nd4 12. Qe3 Nxb5 13. dxe4 fxe4 14. Qxe4
Qd4+ 15. Qxd4 Nxd4 16. c3 Nf5 17. Nf3 Ngh6 18. b4 Ng4 19. a4 h5 20. h3 Nf6 21.
Na3 Bd6 22. c4 cxb4 23. Nb5 Bc5+ 24. Kh2 g6 25. Nxa7+ Bxa7 26. Bxb4 Kb8 27. c5
Bd5 28. Ne5 Rhe8 29. Ba5 Rc8 30. c6 Bxc6 31. Nd3 Ne3 32. Rfc1 Bxg2 33. Rcb1 Rc2
34. Ne1 Re2 35. Nxg2 Rxg2+ 36. Kh1 Ne4 0-1

[Event "U.S. Amateur North U1600"]
[Site "Detroit, MI"]
[Date "2002.05.25"]
[Round "3.16"]
[White "Collins, Michael"]
[Black "West, Aaron"]
[Result "0-1"]
[WhiteElo "1360"]
[BlackElo "1159"]
[PlyCount "65"]
[EventDate "2002.05.25"]

1. e4 e5 2. Nf3 d6 3. Bc4 Bg4 4. Nc3 c6 5. d3 Nf6 6. Bg5 Be7 7. h3 Bh5 8. Qd2
h6 9. Be3 Nbd7 10. d4 exd4 11. Nxd4 Bg6 12. Nf5 O-O 13. f3 Bxf5 14. exf5 d5 15.
Bb3 Bc5 16. O-O-O Re8 17. Bd4 a5 18. Na4 Bxd4 19. Qxd4 b5 20. Nc5 a4 21. Nxd7
Qxd7 22. Bxd5 Qxd5 23. Qxd5 Nxd5 24. g4 Re2 25. c3 Rf2 26. Rd3 Re8 27. Rd2 Rxf3
28. Rdh2 a3 29. h4 axb2+ 30. Kxb2 Nxc3 31. g5 Re2+ 32. Rxe2 Nxe2 33. Ra1 0-1

[Event "U.S. Amateur North"]
[Site "Detroit, MI"]
[Date "2002.05.25"]
[Round "1.7"]
[White "Burwell, Raymond"]
[Black "Cox, Nick"]
[Result "0-1"]
[WhiteElo "1758"]
[BlackElo "1465"]
[PlyCount "63"]
[EventDate "2002.05.25"]

1. e4 c5 2. Nf3 d6 3. d4 cxd4 4. Nxd4 Nf6 5. Nc3 g6 6. Bc4 Bg7 7. O-O O-O 8.
Be3 Nc6 9. f3 Bd7 10. Qd2 Rc8 11. Bb3 Re8 12. Rad1 Ne5 13. Qe2 a6 14. Kh1 Qc7
15. Bg5 Nc4 16. Bxc4 Qxc4 17. Qxc4 Rxc4 18. Nb3 Be6 19. Rd2 b5 20. Rfd1 Rc7 21.
Nd4 Bc4 22. Nce2 Rc5 23. Be3 Rc7 24. b3 Bxe2 25. Nxe2 Rec8 26. c3 Nd7 27. Rc2
Nc5 28. Bd4 Ne6 29. Bxg7 Kxg7 30. Rdc1 Nc5 31. Rd2 b4 32. c4 0-1

[Event "U.S. Amateur North U1600"]
[Site "Detroit, MI"]
[Date "2002.05.25"]
[Round "1.17"]
[White "Brooks, Randall"]
[Black "Wood, Jack"]
[Result "1/2-1/2"]
[WhiteElo "783"]
[BlackElo "1425"]
[PlyCount "38"]
[EventDate "2002.05.25"]

1. e4 c5 2. Nf3 Nc6 3. c3 e5 4. d4 cxd4 5. cxd4 exd4 6. Nxd4 Qc7 7. Bc4 a6 8.
Nc3 Nf6 9. Qc2 Bb4 10. a3 Bxc3+ 11. Qxc3 Nxe4 12. Qc2 Qa5+ 13. Bd2 Nxd2 14. b4
Qc5 15. Rc1 Nxd4 16. Qxd2 Ne6 17. O-O O-O 18. Rce1 f6 19. Bd3 Ng5 1/2-1/2

[Event "U.S. Amateur North U1600"]
[Site "Detroit, MI"]
[Date "2002.05.25"]
[Round "3.19"]
[White "Brooks, Randall"]
[Black "Aguilar, Javier"]
[Result "1-0"]
[WhiteElo "783"]
[BlackElo "1226"]
[PlyCount "90"]
[EventDate "2002.05.25"]

1. e4 c6 2. d4 d5 3. e5 e6 4. c4 Bb4+ 5. Bd2 Bxd2+ 6. Qxd2 Ne7 7. Bd3 O-O 8.
Nf3 Nf5 9. O-O f6 10. cxd5 cxd5 11. Nc3 Nc6 12. Nb5 a6 13. Bxf5 exf5 14. Nd6
fxe5 15. dxe5 Nxe5 16. Qxd5+ Nf7 17. Ne5 Qf6 18. Nexf7 Rxf7 19. Nxf7 Qxf7 20.
Qxf7+ Kxf7 21. Rac1 b5 22. Rc7+ Kf6 23. Rd1 Be6 24. Rd6 Ke5 25. Rcc6 Bxa2 26.
Rxa6 Rc8 27. h4 Rc1+ 28. Kh2 Rc2 29. f4+ Kxf4 30. Rxa2 Rc4 31. Rd7 Ke3 32. Ra3+
Kf2 33. Rd2+ Ke1 34. Rd7 Rxh4+ 35. Kg1 Rb4 36. Ra1+ Ke2 37. Rxg7 Rxb2 38. Rxh7
b4 39. Rf7 b3 40. Rxf5 Rc2 41. Rf2+ Kd3 42. Rxc2 bxc2 43. Kf2 Kd2 44. g4 c1=Q
45. Rxc1 Kxc1 1-0

[Event "U.S. Amateur North"]
[Site "Detroit, MI"]
[Date "2002.05.25"]
[Round "2.3"]
[White "Andreas, Peter"]
[Black "Steen, Harold"]
[Result "1-0"]
[WhiteElo "1807"]
[BlackElo "1617"]
[PlyCount "65"]
[EventDate "2002.05.25"]

1. d4 f5 2. c4 Nf6 3. Nc3 g6 4. b3 Bg7 5. Bb2 d6 6. Nf3 O-O 7. e3 Nc6 8. Be2 a6
9. O-O Qe8 10. d5 Ne5 11. Nxe5 dxe5 12. Qc2 g5 13. Na4 Ne4 14. f3 Nd6 15. Nc5
f4 16. e4 h5 17. Nd3 Nf7 18. Bc3 e6 19. Qb2 exd5 20. cxd5 g4 21. Nxf4 Ng5 22.
Nd3 gxf3 23. Bxf3 Nxf3+ 24. Rxf3 Rxf3 25. gxf3 Bh3 26. Bxe5 Bh6 27. Kh1 Qf7 28.
Rg1+ Kf8 29. Rg3 Bg4 30. Qg2 Bd7 31. Bxc7 Bb5 32. Bd6+ Ke8 33. Ne5 1-0

[Event "U.S. Amateur North U1600"]
[Site "Detroit, MI"]
[Date "2002.05.25"]
[Round "2.12"]
[White "Aguilar, Javier"]
[Black "Durbin, Rickey"]
[Result "0-1"]
[WhiteElo "1226"]
[BlackElo "1518"]
[PlyCount "100"]
[EventDate "2002.05.25"]

1. d4 d5 2. c4 e6 3. Nc3 Nf6 4. Bg5 Be7 5. Nf3 c6 6. cxd5 exd5 7. e3 O-O 8. Bd3
Bg4 9. Qc2 h6 10. Bh4 Ne8 11. Bxe7 Qxe7 12. Ne5 Bc8 13. O-O-O Nd7 14. f4 Nxe5
15. fxe5 Bd7 16. h4 Rc8 17. Rdg1 f6 18. Rf1 fxe5 19. Rxf8+ Kxf8 20. Rf1+ Nf6
21. Qf2 e4 22. Be2 Kg8 23. Kb1 Rf8 24. Qg3 Be8 25. Na4 b6 26. Qe1 Qd6 27. g4
Nh7 28. Rg1 Kf7 29. Rf1+ Ke7 30. Rxf8 Kxf8 31. Qf2+ Kg8 32. Nc3 Bd7 33. g5 hxg5
34. hxg5 Nxg5 35. Qh4 Nf7 36. Bh5 Qf6 37. Qxf6 gxf6 38. Bxf7+ Kxf7 39. Ne2 Kg6
40. Nf4+ Kg5 41. Kc2 Kg4 42. Kd2 Kf3 43. Nh5 f5 44. Nf6 Bc8 45. Ne8 f4 46. exf4
Kxf4 47. Nd6 Bg4 48. Nf7 c5 49. dxc5 bxc5 50. Nh6 Be6 0-1

[Event "U.S. Amateur North U1600"]
[Site "Detroit, MI"]
[Date "2002.05.26"]
[Round "4.14"]
[White "Wood, Jack"]
[Black "Domineck, Lasid"]
[Result "1-0"]
[WhiteElo "1425"]
[BlackElo "1139"]
[PlyCount "87"]
[EventDate "2002.05.25"]

1. e4 e5 2. Nf3 d6 3. Bc4 Be7 4. Nc3 Nf6 5. O-O O-O 6. d4 Nbd7 7. dxe5 Nxe5 8.
Nxe5 dxe5 9. Bg5 Qxd1 10. Raxd1 h6 11. Bxf6 Bxf6 12. Nd5 Bd8 13. Rd3 Be6 14.
Rfd1 c6 15. Ne3 Bxc4 16. Nxc4 Bf6 17. Na5 Rab8 18. Rd7 Rfd8 19. Rxd8+ Bxd8 20.
Nxb7 Rxb7 21. Rxd8+ Kh7 22. b3 Rc7 23. c4 Kg6 24. Kf1 c5 25. Ke2 f6 26. f3 Kf7
27. h4 Ke7 28. Rg8 Kf7 29. Rd8 Ke7 30. Rd5 Ke6 31. g4 g5 32. hxg5 fxg5 33. Rd8
Rh7 34. Re8+ Kd6 35. Rd8+ Ke6 36. Rg8 Kd6 37. Rg6+ Kd7 38. Ra6 Kd8 39. Rd6+ Kc7
40. Re6 Kd7 41. Rxe5 Kd6 42. Rd5+ Kc6 43. Kf2 h5 44. Rxg5 1-0

[Event "U.S. Amateur North"]
[Site "Detroit, MI"]
[Date "2002.05.26"]
[Round "4.4"]
[White "Vandivier, Don"]
[Black "Schey, Danny"]
[Result "1-0"]
[WhiteElo "1924"]
[BlackElo "1633"]
[Annotator "Don Vandivier"]
[PlyCount "85"]
[EventDate "2002.05.25"]

1. e4 c5 2. Nf3 Nc6 3. d4 cxd4 4. Nxd4 Nf6 5. Nc3 e5 6. Ndb5 d6 7. Bg5 a6 8.
Na3 b5 9. Nd5 Be7 (9... Qa5+ {This queen check can lead to a wild line which
gives White the advantage in the end:} 10. Bd2 Qd8 11. c4 $5 Nxe4 ({OR} 11...
b4 12. Nc2 a5 13. a3 b3 14. Nxf6+ Qxf6 15. Ne3 a4 16. Nd5 Qd8 17. Be3) 12. cxb5
Be6 13. Bc4 Ne7 14. O-O $1 Nxd5 15. Bxd5 Bxd5 16. Ba5 $1 Qxa5 17. Qxd5 Rc8 18.
Qxe4 {and if 18...Be7 19 Qb7! gives White a big advantage. Or if 18...axb?!
then 19. Rac1!}) 10. Nxe7 Nxe7 (10... Qxe7 $6 11. c4 $5 Nd4 (11... b4 12. Nc2)
12. Nc2) 11. Bxf6 gxf6 12. Qd2 Be6 13. O-O-O d5 14. exd5 Qxd5 {DIAGRAM Black
is under the impression I have to exchange queens because I can't allow ...
Qxa2, however after looking the position over carefully I see that the
important line is for me to take on f6 and e5, which will cover the b2 pawn.}
15. Qh6 $1 ({Good for Black would be:} 15. Qa5 $2 Qxa2 16. Bxb5+ Kf8) 15...
Qxa2 16. Qxf6 Qa1+ 17. Nb1 (17. Kd2 $2 O-O-O+ $1) 17... Rg8 18. Qxe5 {Black
misjudges the strength of this move.} Ba2 19. Kd2 Rd8+ ({If} 19... Bxb1 20.
Rxb1 $1 Qa5+ 21. c3) 20. Bd3 Be6 (20... Rxg2 $4 21. Na3 $1 Rxf2+ 22. Ke3) 21.
g3 Qa5+ 22. Kc1 {Black is a pawn down and his king is caught in the middle of
the board. He desperately strives for counterplay.} Rd5 23. Qf4 Rg4 24. Qe3 Ra4
25. Bxh7 b4 26. Rhe1 Rc5 27. Qd4 Rd5 28. Qh8+ Kd7 29. Be4 b3 30. Bxd5 Nxd5 31.
Rxd5+ Bxd5 32. Qe8+ Kd6 33. Qe5+ Kc6 34. cxb3 Ra1 35. Qc3+ Qxc3+ 36. bxc3 Ra2 (
36... Bxb3 $2 37. Kb2) 37. c4 Bf3 ({On} 37... Be6 {I had intended} 38. Nc3 Rxf2
39. Re2) 38. Re7 Bh5 39. Nd2 {Now Black doesn't get the pawn.} Bg6 40. f4 Kd6
41. Re5 Rc2+ $2 {a worthless check.} 42. Kd1 Kc6 $2 43. f5 1-0

[Event "U.S. Amateur North"]
[Site "Detroit, MI"]
[Date "2002.05.26"]
[Round "4.5"]
[White "Steen, Harold"]
[Black "Hill, Brad"]
[Result "0-1"]
[WhiteElo "1617"]
[BlackElo "1733"]
[PlyCount "82"]
[EventDate "2002.05.25"]

1. d4 Nf6 2. Nf3 c5 3. e3 g6 4. Bd3 Bg7 5. c3 O-O 6. Nbd2 b6 7. O-O Ba6 8. c4
d5 9. b3 cxd4 10. exd4 Nc6 11. Bb2 Re8 12. a3 e5 13. Nxe5 Nxe5 14. dxe5 Nd7 15.
f4 Nc5 16. Bc2 Rc8 17. Qf3 dxc4 18. Nxc4 Nxb3 19. Bxb3 Bxc4 20. Rfd1 Qe7 21.
Rd6 Bf8 22. Rad1 Qc7 23. Rd7 Qc5+ 24. Kh1 Qb5 25. Bxc4 Rxc4 26. Bc1 Rec8 27.
Be3 Rc3 28. Rxa7 Qb3 29. Re1 Rxe3 30. Qf1 Qd3 31. h3 Qxf1+ 32. Rxf1 Rxa3 33.
Rb7 Bc5 34. f5 gxf5 35. Rxf5 Rf8 36. Rg5+ Kh8 37. Rf5 Rd8 38. Rfxf7 Rd1+ 39.
Kh2 Bg1+ 40. Kh1 Bf2+ 41. Kh2 Bg3# 0-1

[Event "U.S. Amateur North U1600"]
[Site "Detroit, MI"]
[Date "2002.05.26"]
[Round "4.24"]
[White "Spindleman, Brian"]
[Black "Madu, Chinonye"]
[Result "1-0"]
[WhiteElo "856"]
[BlackElo "670"]
[PlyCount "89"]
[EventDate "2002.05.25"]

1. e4 e5 2. Nf3 d6 3. Bc4 Nf6 4. Nc3 c6 5. O-O Bg4 6. h3 Bxf3 7. Qxf3 b5 8. Bb3
Na6 9. Ne2 d5 10. d3 Nc5 11. Bg5 Be7 12. Bxf6 Bxf6 13. exd5 cxd5 14. Bxd5 Rc8
15. Bc6+ Nd7 16. c3 O-O 17. Bxb5 Nc5 18. Rfe1 a6 19. Bc4 Re8 20. Ng3 g6 21. Ne4
Nxe4 22. Qxe4 Qb6 23. Rab1 Be7 24. b4 Bd6 25. Qf3 Rc7 26. Qe3 Qc6 27. b5 Qa8
28. b6 Bc5 29. Qe4 Rce7 30. Qxa8 Rxa8 31. d4 exd4 32. Rxe7 Bxe7 33. cxd4 Rb8
34. a4 Bd6 35. Bxa6 Ra8 36. Bb5 f5 37. Bc6 Rc8 38. Rc1 Bf4 39. Bd5+ Kg7 40.
Rxc8 h5 41. h4 g5 42. g3 Bd2 43. b7 gxh4 44. b8=Q hxg3 45. Qe5+ 1-0

[Event "U.S. Amateur North U1600"]
[Site "Detroit, MI"]
[Date "2002.05.26"]
[Round "4.27"]
[White "Sherrell, Andre"]
[Black "Taliaferro, Nataiya"]
[Result "1-0"]
[WhiteElo "468"]
[BlackElo "578"]
[PlyCount "102"]
[EventDate "2002.05.25"]

1. g3 e5 2. Bh3 d6 3. Bxc8 Qxc8 4. Nf3 Nf6 5. O-O d5 6. Nxe5 Qe6 7. Nf3 Bd6 8.
a4 O-O 9. b3 Nh5 10. Ng5 Qf5 11. d3 Bf4 12. Re1 Bxg5 13. Kg2 Re8 14. e4 dxe4
15. Qe2 Re6 16. dxe4 Qf6 17. e5 Qf5 18. g4 Nf4+ 19. Bxf4 Qxf4 20. Nd2 Bf6 21.
Nf3 Nc6 22. Rad1 Rae8 23. c3 Bxe5 24. b4 Rg6 25. Nxe5 Nxe5 26. Rd5 Qxg4+ 27.
Qxg4 Rxg4+ 28. Kh3 h5 29. c4 c6 30. Rc5 a6 31. b5 axb5 32. axb5 cxb5 33. cxb5
b6 34. Rc7 Ra8 35. Rxe5 g5 36. f3 Rh4+ 37. Kg3 g4 38. Kxh4 gxf3 39. Rc1 Rd8 40.
Rf1 Rd3 41. Kxh5 Rb3 42. Re8+ Kg7 43. Rd8 Rxb5+ 44. Kh4 Rc5 45. Rd6 b5 46. Rd4
Rc2 47. Kg4 Kg6 48. h4 Kf6 49. h5 Ke5 50. Rb4 Rc6 51. Rxb5+ Kd4 1-0

[Event "U.S. Amateur North"]
[Site "Detroit, MI"]
[Date "2002.05.26"]
[Round "5.7"]
[White "Schey, Danny"]
[Black "Mahabir, Naresh"]
[Result "1-0"]
[WhiteElo "1633"]
[BlackElo "1349"]
[PlyCount "81"]
[EventDate "2002.05.25"]

1. e4 e5 2. Nc3 Bc5 3. Bc4 Nc6 4. Qg4 Qf6 5. Nd5 Qxf2+ 6. Kd1 Nge7 7. Qxg7 Nxd5
8. exd5 Bf8 9. Qxh8 Qxg2 10. dxc6 d6 11. h3 Qxh1 12. Qg8 Be6 13. Bxe6 fxe6 14.
Qxe6+ Be7 15. Qd7+ Kf7 16. Qf5+ Kg7 17. Qg4+ Kh8 18. cxb7 Rg8 19. Qxg8+ Kxg8
20. b8=Q+ Kf7 21. Qxa7 Qg2 22. Qe3 e4 23. d3 d5 24. Qf4+ Ke8 25. Be3 exd3 26.
cxd3 Qxb2 27. Bd4 Qa3 28. Qe3 Kd7 29. Ke2 c5 30. Be5 d4 31. Bxd4 cxd4 32. Qxd4+
Ke8 33. Nf3 Bc5 34. Qe5+ Be7 35. Qb5+ Kd8 36. Qb3 Qd6 37. Rg1 Ke8 38. Rg8+ Bf8
39. Qb8+ Qd8 40. Qb5+ Ke7 41. Qe5+ 1-0

[Event "U.S. Amateur North U1600"]
[Site "Detroit, MI"]
[Date "2002.05.26"]
[Round "4.15"]
[White "Saylor, Oliver"]
[Black "Norwood, Wayne"]
[Result "1-0"]
[WhiteElo "1377"]
[BlackElo "1173"]
[PlyCount "73"]
[EventDate "2002.05.25"]

1. e4 c5 2. Nf3 Nc6 3. d4 cxd4 4. Nxd4 Nf6 5. Nc3 e6 6. a3 Bc5 7. Nxc6 bxc6 8.
Bd3 O-O 9. Bg5 h6 10. Bh4 Be7 11. O-O Qb6 12. e5 Qxb2 13. exf6 Qxc3 14. fxe7
Re8 15. Qf3 Qd4 16. Qe4 Qxe4 17. Bxe4 g5 18. Bg3 Rxe7 19. Bd6 Re8 20. Rab1 Ba6
21. Bd3 Bxd3 22. cxd3 Rec8 23. Rb7 a6 24. d4 Rd8 25. Rfb1 Kg7 26. Be7 Re8 27.
Rxd7 Rxe7 28. Rxe7 Rd8 29. Rbb7 Rxd4 30. Rxf7+ Kg6 31. h3 Rd3 32. Rf3 Rxf3 33.
gxf3 Kf5 34. Rb6 c5 35. Rxa6 Ke5 36. Rc6 Kd5 37. Rc8 1-0